000 00874nam a2200277 a 4500
001 000009725
003 DO-SdBNP
005 20240412074311.0
007 ta
008 240301s1961 dr 000 p spa d
040 _aDO-SdBNP
_bspa
_cBNPHU
_erda
082 _aRD861.44
_b B715m
_222
100 _aBonilla A., José R
_eautor
_916526
245 1 0 _aMétrica euclidiana, instantáneas y otros poemas /
_cJosé R. Bonilla A
264 _aSanto Domingo :
_bCorporación Dominicana de Electricidad,,
_c1961-1980
300 _a37 páginas sin numerar. ;
_c22 cm.
336 _2rdacontent
_atexto
_btxt
337 _2rdamedia
_asin mediación
_bn
338 _2rdacarrier
_avolumen
_bnc
590 _aInventariado, 2024/DG
650 4 _966
_aPoesía dominicana
650 4 _aLiteratura dominicana
650 0 _aLiteratura dominicana.
_967
910 _aDG
942 _2ddc
_cLF2
999 _c56017
_d56017